000 01263nam0a22003011 4500
001 rc\3272297
005 20130115144237.7
021 _aRU
_b75-ОЭ-68/14
021 _aRU
_bРг6732-75
035 _a(NLR Aleph) 007393324
090 _a6634087
_c6634087
100 _a20130115g19741975|||y0rusy50 ca
101 0 _arus
102 _aRU
105 _ay z |||||
200 1 _aРоль семьи в преодолении религиозных предрассудков
_e(Материал в помощь лектору)
_fАрханг. обл. организация о-ва "Знание" РСФСР
210 _aАрхангельск
_cБ. и.
_d1974 (вып. дан. 1975)
215 _a24 с.
_d20
300 _aНа обороте тит. л. сост.: В.А. Зайцев и Н.Г. Дитятева, доц.
320 _aБиблиогр.: с. 24
700 1 _aЗайцев
_bВ. А.
_gВячеслав Александрович
_4220
701 1 _aДитятева
_bН. Г.
_4220
712 0 2 _a"Знание", общество РСФСР
_bАрхангельское областное отделение
_3RU\NLR\AUTH\889960928
801 0 _aRU
_bNLR
_gpsbo
801 1 _aRU
_bELAR
_2rusmarc
852 _aNLR
_j75-4/2968
942 _cBOOK
980 _aNB